History day by day : (Record no. 1551)

MARC details
000 -LEADER
fixed length control field 02325cam a2200469 i 4500
001 - CONTROL NUMBER
control field 1551
003 - CONTROL NUMBER IDENTIFIER
control field FISKH
005 - DATE AND TIME OF LATEST TRANSACTION
control field 20230906142926.0
008 - FIXED-LENGTH DATA ELEMENTS--GENERAL INFORMATION
fixed length control field 180823t20192019nyu e b 001 0 eng
010 ## - LIBRARY OF CONGRESS CONTROL NUMBER
LC control number 2018956109
015 ## - NATIONAL BIBLIOGRAPHY NUMBER
National bibliography number GBB8K1177
Source bnb
016 7# - NATIONAL BIBLIOGRAPHIC AGENCY CONTROL NUMBER
Record control number 019114115
Source Uk
020 ## - INTERNATIONAL STANDARD BOOK NUMBER
International Standard Book Number 9780500294963
Qualifying information paperback
020 ## - INTERNATIONAL STANDARD BOOK NUMBER
International Standard Book Number 0500294968
Qualifying information paperback
035 ## - SYSTEM CONTROL NUMBER
System control number (OCoLC)on1083260656
040 ## - CATALOGING SOURCE
Original cataloging agency AU@
Language of cataloging eng
Transcribing agency AU@
Description conventions rda
Modifying agency OCLCO
-- PUL
-- YDXIT
-- OCL
-- YDX
-- BDX
-- UKMGB
-- OCLCF
-- BYV
-- DLC
-- FISKH
042 ## - AUTHENTICATION CODE
Authentication code lccopycat
050 00 - LIBRARY OF CONGRESS CALL NUMBER
Classification number D21.3
Item number .F87 2019
082 00 - DEWEY DECIMAL CLASSIFICATION NUMBER
Classification number 909
Edition number 23
100 1# - MAIN ENTRY--PERSONAL NAME
Personal name Furtado, Peter,
Relator term author.
240 10 - UNIFORM TITLE
Uniform title History's daybook
245 10 - TITLE STATEMENT
Title History day by day :
Remainder of title 366 voices from the past /
Statement of responsibility, etc. Peter Furtado.
264 #1 - PRODUCTION, PUBLICATION, DISTRIBUTION, MANUFACTURE, AND COPYRIGHT NOTICE
Place of production, publication, distribution, manufacture New York, New York :
Name of producer, publisher, distributor, manufacturer Thames & Hudson,
Date of production, publication, distribution, manufacture, or copyright notice 2019.
264 #4 - PRODUCTION, PUBLICATION, DISTRIBUTION, MANUFACTURE, AND COPYRIGHT NOTICE
Date of production, publication, distribution, manufacture, or copyright notice ©2019
300 ## - PHYSICAL DESCRIPTION
Extent vii, 488 pages :
Dimensions 20 cm
336 ## - CONTENT TYPE
Content type term text
Content type code txt
Source rdacontent
337 ## - MEDIA TYPE
Media type term unmediated
Media type code n
Source rdamedia
338 ## - CARRIER TYPE
Carrier type term volume
Carrier type code nc
Source rdacarrier
500 ## - GENERAL NOTE
General note Previously published in the United Kingdom under the under the title "History's daybook".
504 ## - BIBLIOGRAPHY, ETC. NOTE
Bibliography, etc. note Includes bibliographical references and index.
520 ## - SUMMARY, ETC.
Summary, etc. From the founding of Rome to the twenty-first century's war on terror, History Day by Day presents an original perspective on over two millennia of human history through the medium of 366 quotations that offer a window in the past. Each is tied to a momentous occasion, bringing it to life with eyewitness accounts and a chronicler's flair. Here is Joan of Arc, Julius Caesar, Galileo and Gandhi, as well as revolutions and discoveries, the joyful and the grief-stricken. Furtado places events in context, resulting in an instructive and entertaining panorama of world history.
650 #0 - SUBJECT ADDED ENTRY--TOPICAL TERM
Topical term or geographic name entry element History
Form subdivision Miscellanea.
650 #0 - SUBJECT ADDED ENTRY--TOPICAL TERM
Topical term or geographic name entry element Quotations.
650 #7 - SUBJECT ADDED ENTRY--TOPICAL TERM
Topical term or geographic name entry element Quotations.
Source of heading or term fast
Authority record control number or standard number (OCoLC)fst01086132
650 #7 - SUBJECT ADDED ENTRY--TOPICAL TERM
Topical term or geographic name entry element History.
Source of heading or term fast
Authority record control number or standard number (OCoLC)fst00958235
650 #7 - SUBJECT ADDED ENTRY--TOPICAL TERM
Topical term or geographic name entry element World history.
Source of heading or term fast
Authority record control number or standard number (OCoLC)fst01181345
655 #7 - INDEX TERM--GENRE/FORM
Genre/form data or focus term Trivia and miscellanea.
Source of term fast
Authority record control number or standard number (OCoLC)fst01921748
700 1# - ADDED ENTRY--PERSONAL NAME
Personal name Furtado, Peter.
Title of a work History's daybook.
Relationship information Reprint of (manifestation)
906 ## - LOCAL DATA ELEMENT F, LDF (RLIN)
a 7
b cbc
c copycat
d 2
e ncip
f 20
g y-gencatlg
942 ## - ADDED ENTRY ELEMENTS (KOHA)
Source of classification or shelving scheme Dewey Decimal Classification
Koha item type Books
Suppress in OPAC No
Holdings
Withdrawn status Lost status Source of classification or shelving scheme Damaged status Not for loan Collection Home library Current library Shelving location Date acquired Total Checkouts Full call number Barcode Date last seen Price effective from Koha item type
    Dewey Decimal Classification     Non-Fiction Footprints International School Library Network Toul Kork Campus Footprints International School Library Network Toul Kork Campus   09/06/2023   FUR 909 D21.3 .F87 2019 2023-0504 09/06/2023 09/06/2023 Books